000 00459nam a2200181Ia 4500
001 9537
005 20260306161725.0
008 260306t2002||||xx |||||||||||||| ||spa||
041 _aESP
082 _a381.3
_bB45
100 _aBermúdez Gonzáles, Guillermo J.
_eAUT
245 0 _aLa franquicia:
_belementos, relaciones y estrategias
260 _c2002
300 _a289 páginas :
_c24 cm.
650 _aGEN
654 _aCHU
942 _cLIB
_dJUS
_fJUS
_2ddc
_n
999 _c9537
_d9537